| 000 | 00841cam a2200265 a 4500 | ||
|---|---|---|---|
| 001 | 762 | ||
| 005 | 20230908140900.0 | ||
| 020 | _a9780756656072 | ||
| 040 |
_aDLC _cDLC _dDLC _beng |
||
| 050 | 0 | 0 |
_aQL638.D825 _bD825 1998 |
| 082 | 0 | 0 |
_a597.3 _221 |
| 100 | 1 | _aDubowski, Cathy East. | |
| 245 | 1 | 0 |
_aShark attack! / _cwritten by Cathy East Dubowski. |
| 250 | _a1st American ed. | ||
| 260 |
_aNew York : _bDK Publishing _c1998. |
||
| 300 |
_a48 pages : _bcolor illustrations, maps ; _c23 cm |
||
| 505 | _aU | ||
| 520 | _aDescribes the nearly disastrous encounter of a spear-fisherman with a shark off the coast of Australia. | ||
| 521 | 0 |
_a820
_bLexile |
|
| 521 | 0 |
_aU
_bRaz-Plus |
|
| 650 | 0 |
_aShark attacks _xNon-fiction. |
|
| 650 | 1 | _aShark attacks. | |
| 906 |
_a7 _bcbc _corignew _d1 _eocip _f19 _gy-gencatlg |
||
| 942 |
_2ddc _cBK _n0 |
||
| 999 |
_c762 _d762 |
||